Finančná analýza podniku KDR, s.r.o. za obdobie 2005-2007 diplomová práca

Na minha lista:
Detalhes bibliográficos
Autor principal: Barčiaková, Alena
Autor Corporativo: Fakulta podnikového manažmentu EU. Katedra podnikových financií
Outros Autores: Tóthová, Alena, 1968-
Formato: Livro
Idioma:eslovaco
Publicado em: Bratislava 2009
Tags: Adicionar Tag
Sem tags, seja o primeiro a adicionar uma tag!

MARC

LEADER 00000nam$a2200000$$$4500
001 0101355
005 20240319124506.9
041 0 |a slo 
044 |a SK 
245 1 0 |a Finančná analýza podniku KDR, s.r.o. za obdobie 2005-2007  |b diplomová práca  |c Alena Barčiaková ; škol. Alena Tóthová 
264 1 |a Bratislava  |c 2009 
300 |a 63 s. 
100 1 |a Barčiaková, Alena 
700 1 |a Tóthová, Alena, 1968- 
710 2 |a Fakulta podnikového manažmentu EU. Katedra podnikových financií